Gaming Quiz

Random Gaming or Nintendo Quiz

Can you name the FE:F Characters by critical quotes? Quiz Stats

 Plays Quiz not verified by Sporcle

Challenge
Share
Tweet
Embed
Score 0/68 Timer 15:00
0 Plays Today
Hint Answer % Correct
ABYSMAL BODYBLOW!Odin
87.7%
Justice strikes!Arthur
87.3%
My heart is singing...Azura
85.8%
Take your medicine!Midori
83%
You have breathed your last!Ryoma
82%
You are SO last season!Oboro
81.3%
I-it's all me!Sakura
79.9%
Freeze!Flora
79.8%
Oh, that's IT!Takumi
77.2%
Hunting party!Keaton
76.7%
Stop staring at me!Laslow
76%
An encore...? If you insist!Shigure
75.9%
Finishing the mission.Beruka
75.9%
The pen is mightiest of all!Mitama
75%
Beautiful AND deadly!Kaden
74.3%
Watch out, I play rough!Selkie
74.2%
You're just a STAIN.Felicia
73.3%
I'm afraid this will be... messy.Jakob
73.1%
Time to play!Camilla
72.7%
Fall so that others may live!Silas
72.5%
So young, so foolish!Nyx
71.5%
You're right where I want you.Xander
71.2%
Say goodbye to your intestines!Peri
71.1%
...die.Saizo
70.7%
Ohohoho yes!Niles
70.3%
The pain will pass.Kaze
70.1%
War is HECK!Kiragi
69.3%
Hunting I will go...Velouria
69.1%
You reap what you sow.Mozu
68.9%
You can't hide from me.Leo
68.5%
Dance for me!Soleil
68.4%
I'm feelin' lucky.Percy
68.2%
Take this maiden seriously!Ophelia
64.5%
No more holding back!Elise
63.4%
Hint Answer % Correct
I won't surrender!Kana
63.2%
Let's get this OVER WITH!Selena
63%
I'm stunning; you're dead.Forrest
62.3%
Ooh! Piñata!Asugi
62.1%
I DON'T WANNA DIE!Ignatius
61.4%
You're NOBODY.Charlotte
60.6%
I won't lose!Hinoka
58.7%
Feel the burn!Effie
58%
Let's get WILD!Hinata
57.8%
You're TOAST!Rinkah
57.5%
Ah... thrilling!Reina
55.8%
You've got a lot of nerve...Dwyer
54.7%
Hope you like hell!Rhajat
54.7%
...g'bye.Hayato
51.9%
With all my strength!Hana
50.8%
See ya.Setsuna
50.8%
You don't scare me!Benny
50.8%
Prepare for oblivion.Hisame
50.5%
Here comes your final reward!Azama
50.3%
This ends now!Avatar
48.5%
Get outta my way!Shura
46.8%
In your dreams.Nina
46.5%
I will have my revenge!Gunter
46.2%
And now; I rage.Izana
44.6%
I will take care of you.Kagero
44.2%
Right into my trap.Yukimura
44.2%
You went and got me mad!Scarlet
43%
Shall we end this?Subaki
42.9%
You ready for this?!Shiro
42.7%
You are not worthy.Fuga
41.6%
You asked for it!Sophie
38.5%
Out of my sight!Siegbert
37.9%
I tire of this...Orochi
37.8%
No more messing around!Caeldori
37.8%

You're not logged in!

Compare scores with friends on all Sporcle quizzes.
Join for Free
OR
Log In

You Might Also Like...

Show Comments

Extras

Top Quizzes Today


Score Distribution

Your Account Isn't Verified!

In order to create a playlist on Sporcle, you need to verify the email address you used during registration. Go to your Sporcle Settings to finish the process.

Report this User

Report this user for behavior that violates our Community Guidelines.

Details: